Score 0/16 Timer 05:00
0 Plays Today
% Correct
Are You Smarter Than a 5th Grader?
98.2%
Deal or No Deal
92.8%
Legends of the Hidden Temple
91.6%
Lingo
91.4%
American Gladiators
91.3%
Cash Cab
88.2%
The Newlywed Game
87.5%
Remote Control
86.4%
% Correct
Where in the World is Carmen Sandiego?
86%
Finders Keepers
85%
To Tell the Truth
84.3%
Weakest Link
83.9%
What's My Line?
78%
Pyramid
77.5%
Card Sharks
76.7%
Double Dare
76.1%

You're not logged in!

Compare scores with friends on all Sporcle quizzes.
OR
Log In

Sporcle TV

Today on Sporcle TV


Watch our educational content, quiz creation guides, and fun videos on Sporcle TV.

Show Comments

Extras

Top Quizzes Today


Score Distribution

Paid Content

Your Account Isn't Verified!

In order to create a playlist on Sporcle, you need to verify the email address you used during registration. Go to your Sporcle Settings to finish the process.

Report this User

Report this user for behavior that violates our Community Guidelines.

Details: